00965cam a2200301 a 45000010009000000050017000090080041000260100017000670200043000840200040001270200030001670200027001970200031002240400018002550410008002730420008002810430012002890800015003010820019003161000007003351010008003422450059003505040066004099060045004759420012005209990017005329520114005491745944920180306071106.0120911s2013 enk b 001 0 eng  a 2012034453 a9781409443568 (hardcover : alk. paper) a1409443566 (hardcover : alk. paper) a9781409443575 (ebk. PDF) a1409443574 (ebk. PDF) a9781472401359 (ebk. ePUB) aDLCcDLCdDLC aeng apcc ae-uk--- a821.7 car00a821.7 car2231 a42 ahis10aByron and the discourses of history /cCarla Pomarè. aIncludes bibliographical references (p. [169]-184) and index. a7bcbccorignewd1eecipf20gy-gencatlg 2ddccBK c44173d44173 00102udc40708PËKGa002b002cPËKGd2018-03-06l0o821.7 carp002-3000721r2018-03-06w2018-03-06yBK